| 000 | 01187cam a22003134a 4500 | ||
|---|---|---|---|
| 008 | 021017s2003 maua b 001 0 eng | ||
| 010 | _a 2002037995 | ||
| 020 | _a0072332123 (softcover : alk. paper) | ||
| 040 |
_aDLC _cDLC _dDLC |
||
| 050 | 0 | 0 |
_aBF637.C45 _bD625 2003 |
| 082 | 0 | 0 |
_a302.2 _221 |
| 092 | 0 | 4 |
_a302.2 _bD6336 _221 |
| 099 |
_a04 _a302.2 D6336 |
||
| 100 | 1 | _aDobkin, Bethami A. | |
| 245 | 1 | 0 |
_aCommunication in a changing world / _cBethami A. Dobkin, Roger C. Pace. |
| 260 |
_aBoston, Mass. : _bMcGraw-Hill, _c2003. |
||
| 300 |
_a1 v. (various paging) : _bill. (some col.) ; _c26 cm. + _e1 computer optical disc (4 3/4 in.) |
||
| 504 | _aIncludes bibliographical references (p. R1-R7) and indexes. | ||
| 538 | _aSystem requirements for accompanying computer disc: Windows 98, 2000, XP, ME, or NT 4.0; or Macintosh 8.6, 9.x, OS X classic mode. | ||
| 590 | _aLibrary's copy lacks CD. | ||
| 650 | 0 | _aInterpersonal communication. | |
| 650 | 0 | _aPublic speaking. | |
| 700 | 1 | _aPace, Roger C. | |
| 902 | _a1 | ||
| 905 |
_aGehan _eRev. |
||
| 905 |
_aJihan _eCat. |
||
| 942 |
_2ddc _cBK |
||
| 999 |
_c114998 _d114998 |
||